Statistics for World Cities: Airports

Click here to take the quiz!

General Stats

  • This quiz has been taken 81 times
  • The average score is 21 of 25

Answer Stats

IATAAirport Name / SobriquetCity% Correct
LHRHeathrowLondon
100%
CDGCharles de GaulleParis
100%
OHRO'HareChicago
99%
DELIndira GandhiDelhi
97%
LGALaGuardiaNew York City
97%
AMSSchipholAmsterdam
96%
MEXBenito JuarezMexico City
94%
ATLHartsfield–JacksonAtlanta
93%
BOSLoganBoston
92%
ISLAtatürkIstanbul
90%
PHXSky HarborPhoenix
90%
VCEMarco PoloVenice
88%
FCOLeonardo da VinciRome
86%
MADBarajasMadrid
82%
SINChangiSingapore
82%
HNDHanedaTokyo
79%
SYDKingsford SmithSydney
76%
IADDullesWashington DC
76%
IAHGeorge BushHouston
75%
SVOSheremetyevoMoscow
74%
BCNEl PratBarcelona
72%
PVGPudongShanghai
71%
YYZPearsonToronto
65%
TXLTegelBerlin
57%
CANBaiyunGuangzhou
39%

Score Distribution

Percentile by Number Answered

Percent of People with Each Score

Your Score History

You have not taken this quiz